000 00736nam a2200289Ia 4500
005 20260324112703.0
008 008 260324s9999 xx 000 0 eng d
020 _a9781003405870
037 _aEBOOK
040 _aCRL
040 _beng
040 _cCRL
041 _2eng
041 _aeng
084 _qCRL
100 _aAjay Kumar; Parveen; Yang Liu; Rakesh Kumar
_91143738
245 0 _aHandbook of Intelligent and Sustainable Manufacturing
245 0 _bTools, Principles, and Strategies
260 _bTaylor and Francis
260 _c2024
365 _a
365 _b355
856 _uhttp://www.taylorfrancis.com/books/9781003405870
942 _cEBOOK
999 _c1733039
_d1733039